Palestina en tiempos de Jesús

Guardat en:
Dades bibliogràfiques
Autors principals: Saulnier, Christiane (Autor), Rolland, Bernard (Autor)
Format: Llibre
Idioma:espanyol
Publicat: Pamplona Verbo Divino 1981
Edició:2a. ed
Col·lecció:Cuadernos Bíblicos, 27
Matèries:
Etiquetes: Afegir etiqueta
Sense etiquetes, Sigues el primer a etiquetar aquest registre!

MARC

LEADER 00000nam a2200000 a 4500
001 UCL7695
003 CL-VaPUC
008 040528e19810000SP |||||||||||||||||spa|d
020 |a 8471511010 
082 0 4 |a 933.05  |b SAU  |2 21 
100 0 |a Saulnier, Christiane  |e author  |9 485552 
700 0 |a Rolland, Bernard  |e author  |9 485553 
245 1 0 |a Palestina en tiempos de Jesús 
250 |a 2a. ed 
300 |a 62 p 
942 |c BK 
945 |d 20040528 00:00:00  |a cmena 
260 |a Pamplona  |b Verbo Divino  |c 1981 
600 0 |a Jesús  |9 313614 
650 7 |a HISTORIA DE PALESTINA  |2 CL-VaPUC  |9 445371 
650 0 |a Historia política  |9 256974 
650 0 |a Imperio Romano  |9 322785 
650 0 |a Desarrollo económico y social   |9 256320 
650 0 |a Judaísmo  |9 269348 
583 |a last modification  |c 20130402 08:30:20  |k Rodrigo Vera 
490 0 |a Cuadernos Bíblicos, 27 
999 |c 309319  |d 309317 
952 |0 0  |1 0  |4 0  |6 933_050000000000000_SAU_1981  |7 0  |8 A  |9 376742  |a BIBTEO  |b BIBTEO  |d 2019-11-21  |i 2116790  |o 933.05 SAU 1981  |p 2116790  |r 2025-01-17  |w 2019-11-21  |y BK  |k ICR